[Event "Berlin-ch Seniors op 36th"]
[Site "Berlin"]
[Date "2020.01.30"]
[Round "3.19"]
[White "Goepfert, Jochen"]
[Black "Kohlmeyer, Dagobert"]
[Result "1-0"]
[WhiteElo "1989"]
[BlackElo "1800"]
[PlyCount "129"]
[EventDate "2020.01.28"]
[EventType "swiss"]
[EventRounds "9"]
[EventCountry "GER"]
[SourceTitle "EXT 2024"]
[Source "ChessBase"]
[SourceDate "2023.10.10"]
[SourceVersion "1"]
[SourceVersionDate "2023.10.10"]
[SourceQuality "1"]

1. f4 e5 2. fxe5 d6 3. exd6 Bxd6 4. Nf3 Nf6 5. e3 0-0 6. Nc3 Ng4 7. Qe2 Nxh2 8. Nxh2 Qh4+ 9. Kd1 Bxh2 10. g3 Qxg3 11. Qxh2 Bg4+ 12. Be2 Qxh2 13. Rxh2 Bxe2+ 14. Kxe2 Nd7 15. d3 Nf6 16. Bd2 c6 17. Rg1 b5 18. e4 Rfe8 19. Kd1 Re6 20. Ne2 c5 21. Nf4 Ra6 22. a3 b4 23. axb4 Ra1+ 24. Bc1 cxb4 25. Rhg2 g6 26. Ke2 Ra2 27. Kf3 Rc8 28. e5 Ne8 29. Nd5 Rb8 30. Re2 Kg7 31. Rg4 a5 32. b3 h5 33. Rgg2 Kh7 34. Nf6+ Nxf6 35. exf6 Ra1 36. Bg5 Rf1+ 37. Rgf2 Rg1 38. Re5 Ra8 39. Rd2 a4 40. bxa4 Rxa4 41. d4 Ra3+ 42. Be3 b3 43. cxb3 Rxb3 44. Kf2 Rbb1 45. Kf3 Rh1 46. Kg2 Rh4 47. Rg5 Rb3 48. Bf2 Rf4 49. Rg3 Rb7 50. Rf3 Rg4+ 51. Kh2 Rd7 52. d5 Rg5 53. d6 Rf5 54. Rxf5 gxf5 55. Bg3 Kg6 56. Be5 f4 57. Kg2 Kf5 58. Re2 h4 59. Kf3 h3 60. Bxf4 Kxf6 61. Kg4 Kg6 62. Kxh3 f6 63. Re7 Rd8 64. d7 f5 65. Bc7 1-0

[Event "MVP-ch Seniors op 17th"]
[Site "Binz"]
[Date "2017.12.04"]
[Round "6.22"]
[White "Goepfert, Jochen"]
[Black "Ophoff, Rigobert"]
[Result "1/2-1/2"]
[WhiteElo "2004"]
[BlackElo "1882"]
[PlyCount "37"]
[EventDate "2017.11.29"]
[EventType "swiss"]
[EventRounds "9"]
[EventCountry "GER"]
[SourceTitle "EXT 2019"]
[Source "ChessBase"]
[SourceDate "2018.10.10"]
[SourceVersion "1"]
[SourceVersionDate "2018.10.10"]
[SourceQuality "1"]

1. f4 d6 2. Nf3 Nf6 3. e3 Nbd7 4. d4 c5 5. Be2 b6 6. 0-0 Bb7 7. Nc3 g6 8. Qe1 Bg7 9. dxc5 Nxc5 10. Bd2 Nfe4 11. Bb5+ Kf8 12. Ng5 e6 13. b4 Nxc3 14. Bxc3 Ne4 15. Nxe4 Bxe4 16. Ba6 Qc7 17. Bxg7+ Kxg7 18. c4 Rhd8 19. Rc1 1/2-1/2

[Event "MVP-ch Seniors op 16th"]
[Site "Binz"]
[Date "2016.11.28"]
[Round "6.31"]
[White "Thielemann, Joachim"]
[Black "Goepfert, Jochen"]
[Result "0-1"]
[WhiteElo "1857"]
[BlackElo "1979"]
[PlyCount "119"]
[EventDate "2016.11.23"]
[EventType "swiss"]
[EventRounds "9"]
[EventCountry "GER"]
[SourceTitle "EXT 2018"]
[Source "ChessBase"]
[SourceDate "2017.10.13"]
[SourceVersion "1"]
[SourceVersionDate "2017.10.13"]
[SourceQuality "1"]

1. e4 c6 2. Nc3 d5 3. d4 dxe4 4. Nxe4 Nd7 5. Nf3 Ngf6 6. Ng3 g6 7. c3 Bg7 8. Bc4 0-0 9. 0-0 Nb6 10. Bb3 Bg4 11. h3 Bxf3 12. Qxf3 Qd7 13. Re1 a5 14. a4 Nbd5 15. Bd2 e6 16. Rad1 b5 17. Bc1 Rfc8 18. h4 h5 19. Bg5 Nh7 20. Ne4 Nc7 21. Bf4 Ne8 22. Nc5 Qd8 23. Qh3 Nf8 24. Bg5 Bf6 25. Qe3 Bxg5 26. hxg5 Ng7 27. g3 Nf5 28. Qf4 Qc7 29. Re5 Ra7 30. Rde1 Re8 31. g4 Ng7 32. f3 Nd7 33. Nxd7 Qxd7 34. gxh5 Nxh5 35. Qg4 Rf8 36. Kf2 Kg7 37. Rh1 Rh8 38. Rh4 Rc7 39. Qe4 Qd6 40. Bc2 c5 41. Qe3 bxa4 42. Rhe4 cxd4 43. Rxd4 Qb6 44. Qd2 Rd8 45. Ke2 Rxd4 46. Qxd4 Qxd4 47. cxd4 Rxc2+ 48. Ke3 Rxb2 49. Rxa5 Ng3 50. Rxa4 Nf5+ 51. Kd3 Rb3+ 52. Ke2 Re3+ 53. Kf2 Rd3 54. Ra5 Rxd4 55. Ra7 Rd2+ 56. Kg1 Nd4 57. Ra3 Rb2 58. Kf1 Rb3 59. Ra4 Rxf3+ 60. Kg2 0-1

[Event "Sachsen-ch Seniors op"]
[Site "Dresden"]
[Date "2016.11.04"]
[Round "5"]
[White "Goepfert, Jochen"]
[Black "Kretschmer, Wolfgang"]
[Result "1/2-1/2"]
[WhiteElo "1980"]
[BlackElo "1573"]
[PlyCount "127"]
[EventDate "2016.10.31"]
[EventType "swiss"]
[EventRounds "9"]
[EventCountry "GER"]
[SourceTitle "EXT 2019"]
[Source "ChessBase"]
[SourceDate "2018.10.10"]
[SourceVersion "1"]
[SourceVersionDate "2018.10.10"]
[SourceQuality "1"]

1. f4 Nf6 2. Nf3 d5 3. e3 g6 4. b3 Bg7 5. Bb2 0-0 6. Be2 c5 7. 0-0 Nc6 8. Ne5 Nd7 9. Nxc6 bxc6 10. Bxg7 Kxg7 11. Nc3 Nf6 12. Bf3 Bb7 13. Ne2 Qc7 14. Ng3 e5 15. fxe5 Qxe5 16. Qe2 a5 17. Rab1 Rfd8 18. Qf2 Ba6 19. Rfe1 Ra7 20. d3 Re7 21. Nf1 Qc3 22. Ng3 Rde8 23. e4 Qd4 24. Rbd1 Bc8 25. Kf1 Ng4 26. Qxd4+ cxd4 27. Bxg4 Bxg4 28. Rc1 dxe4 29. Rxe4 Rxe4 30. Nxe4 Be6 31. Nc5 Kf6 32. Re1 Rd8 33. a3 Rd5 34. b4 axb4 35. axb4 h5 36. h4 Rf5+ 37. Kg1 Ke7 38. Re4 Rd5 39. Nb3 Rd8 40. Nxd4 Kd6 41. Nxe6 fxe6 42. Kf2 Rf8+ 43. Ke2 Rf5 44. c4 g5 45. g3 gxh4 46. Rxh4 e5 47. Ke3 Rg5 48. Kf3 Rf5+ 49. Ke4 Rg5 50. Rh3 Ke6 51. Ke3 Kd6 52. Kd2 Ke6 53. Kc3 Kd6 54. Kb3 Kc7 55. c5 Kb7 56. Kc4 Kc7 57. Rh4 Kd7 58. Rh3 Kc7 59. Rh1 Rg4+ 60. Kc3 Rxg3 61. Rxh5 e4 62. Rh7+ Kd8 63. Rh4 Rxd3+ 64. Kc2 1/2-1/2

[Event "Sachsen-ch Seniors op"]
[Site "Dresden"]
[Date "2016.11.03"]
[Round "4"]
[White "Brettschneider, Karl"]
[Black "Goepfert, Jochen"]
[Result "1/2-1/2"]
[WhiteElo "2063"]
[BlackElo "1980"]
[PlyCount "45"]
[EventDate "2016.10.31"]
[EventType "swiss"]
[EventRounds "9"]
[EventCountry "GER"]
[SourceTitle "EXT 2019"]
[Source "ChessBase"]
[SourceDate "2018.10.10"]
[SourceVersion "1"]
[SourceVersionDate "2018.10.10"]
[SourceQuality "1"]

1. c4 f5 2. Nc3 Nf6 3. g3 e6 4. Bg2 Nc6 5. e3 Bd6 6. d4 0-0 7. Nge2 b6 8. a3 a6 9. b4 Rb8 10. 0-0 Bb7 11. Bb2 Ba8 12. f3 Ne7 13. e4 e5 14. Qd2 exd4 15. Nxd4 fxe4 16. Nxe4 Nxe4 17. fxe4 Ng6 18. Rxf8+ Bxf8 19. Nf5 d6 20. Rf1 Qe8 21. Qd4 Ne5 22. Ne3 Qg6 23. Nd5 1/2-1/2

[Event "WchT Seniors 50"]
[Site "Radebeul"]
[Date "2016.07.01"]
[Round "6.27"]
[White "Poenisch, Wolfram"]
[Black "Goepfert, Jochen"]
[Result "1/2-1/2"]
[WhiteElo "1877"]
[BlackElo "1987"]
[PlyCount "27"]
[EventDate "2016.06.26"]
[EventType "team-swiss"]
[EventRounds "9"]
[EventCountry "GER"]
[SourceTitle "CBM 173 Extra"]
[Source "ChessBase"]
[SourceDate "2016.08.29"]
[SourceVersion "1"]
[SourceVersionDate "2016.08.29"]
[SourceQuality "1"]
[WhiteTeam "Coswig 1920"]
[BlackTeam "Blue Wonder"]
[WhiteTeamCountry "GER"]
[BlackTeamCountry "GER"]

1. d4 f5 2. c4 Nf6 3. Nc3 e6 4. Bg5 Be7 5. e3 b6 6. Nf3 Bb7 7. Be2 0-0 8. 0-0 Ng4 9. Bxe7 Qxe7 10. h3 Nf6 11. Nd2 d6 12. Bf3 Bxf3 13. Qxf3 Nbd7 14. Qc6 1/2-1/2

[Event "WchT Seniors 50"]
[Site "Radebeul"]
[Date "2016.06.27"]
[Round "2.1"]
[White "Blodig, Reinhard"]
[Black "Goepfert, Jochen"]
[Result "1-0"]
[WhiteElo "2114"]
[BlackElo "1987"]
[PlyCount "69"]
[EventDate "2016.06.26"]
[EventType "team-swiss"]
[EventRounds "9"]
[EventCountry "GER"]
[SourceTitle "CBM 173 Extra"]
[Source "ChessBase"]
[SourceDate "2016.08.29"]
[SourceVersion "1"]
[SourceVersionDate "2016.08.29"]
[SourceQuality "1"]
[WhiteTeam "Stoertebeker"]
[BlackTeam "Blue Wonder"]
[WhiteTeamCountry "GER"]
[BlackTeamCountry "GER"]

1. g3 f5 2. Bg2 Nf6 3. Nf3 e6 4. d3 d5 5. 0-0 Nc6 6. Nbd2 Bd6 7. e4 0-0 8. Re1 e5 9. exd5 Nxd5 10. Nc4 f4 11. Nfxe5 Bxe5 12. Nxe5 fxg3 13. hxg3 Nxe5 14. Rxe5 c6 15. Qe2 Nf6 16. Bf4 Bg4 17. Qe3 Qb6 18. b3 Qb4 19. Qd2 Qd4 20. c3 Qd7 21. Rae1 Rad8 22. d4 Rf7 23. Qe3 Bh3 24. Re7 Rxe7 25. Qxe7 Qxe7 26. Rxe7 Bxg2 27. Kxg2 Rd7 28. Rxd7 Nxd7 29. Kf3 Kf7 30. Be5 c5 31. Ke4 cxd4 32. Bxd4 Ke6 33. Bxg7 Nc5+ 34. Kd4 Kd6 35. Bf8+ 1-0

[Event "MVP-ch Seniors op 15th"]
[Site "Binz"]
[Date "2015.12.01"]
[Round "8.16"]
[White "Paus, Franz"]
[Black "Goepfert, Jochen"]
[Result "1/2-1/2"]
[WhiteElo "1957"]
[BlackElo "1799"]
[PlyCount "28"]
[EventDate "2015.11.24"]
[EventType "swiss"]
[EventRounds "9"]
[EventCountry "GER"]
[SourceTitle "EXT 2017"]
[Source "ChessBase"]
[SourceDate "2016.10.25"]
[SourceVersion "1"]
[SourceVersionDate "2016.10.25"]
[SourceQuality "1"]

1. d4 f5 2. g3 Nf6 3. Bg2 e6 4. c4 Bb4+ 5. Nd2 c5 6. Ngf3 cxd4 7. Nxd4 Nc6 8. N4b3 0-0 9. 0-0 a5 10. a3 Be7 11. Nf3 a4 12. Nbd4 Qb6 13. Qd3 Ne4 14. Be3 Qxb2 1/2-1/2

[Event "MVP-ch Seniors op 15th"]
[Site "Binz"]
[Date "2015.11.30"]
[Round "7.23"]
[White "Goepfert, Jochen"]
[Black "Jacob, Helmut"]
[Result "1-0"]
[WhiteElo "1799"]
[BlackElo "2002"]
[PlyCount "103"]
[EventDate "2015.11.24"]
[EventType "swiss"]
[EventRounds "9"]
[EventCountry "GER"]
[SourceTitle "EXT 2017"]
[Source "ChessBase"]
[SourceDate "2016.10.25"]
[SourceVersion "1"]
[SourceVersionDate "2016.10.25"]
[SourceQuality "1"]

1. f4 d5 2. Nf3 Nf6 3. e3 g6 4. b3 Bg7 5. Bb2 0-0 6. Bd3 b6 7. 0-0 Ba6 8. Qe2 Bxd3 9. cxd3 c5 10. Nc3 Nc6 11. Rab1 Qc8 12. Nb5 a6 13. Nc3 Qb7 14. Nd1 a5 15. Ne5 Nd7 16. Nxc6 Qxc6 17. Bxg7 Kxg7 18. Nf2 f5 19. Rbc1 Qb5 20. Qf3 e6 21. g4 Nf6 22. g5 Nh5 23. Qd1 Rfd8 24. Qf3 Ra7 25. d4 Qb4 26. dxc5 bxc5 27. Nd3 Qa3 28. Nxc5 Kf7 29. Rc2 Ng7 30. d4 Ne8 31. Rfc1 Re7 32. Nd3 Kg8 33. Ne5 Rb7 34. Qe2 a4 35. Qa6 Nd6 36. Qxa4 Qxa4 37. bxa4 Nf7 38. Nxf7 Kxf7 39. Rc7+ Rd7 40. Rxd7+ Rxd7 41. a5 Ke7 42. Rc6 Rb7 43. Rb6 Rc7 44. a6 Rc2 45. Rb7+ Kd6 46. Rxh7 Rxa2 47. a7 Kc6 48. Rg7 Kb5 49. Rxg6 Rxa7 50. Kg2 Ra2+ 51. Kg3 Kc4 52. Rxe6 1-0

[Event "MVP-ch Seniors op 15th"]
[Site "Binz"]
[Date "2015.11.28"]
[Round "5.24"]
[White "Goepfert, Jochen"]
[Black "Manthey, Juergen"]
[Result "0-1"]
[WhiteElo "1799"]
[BlackElo "1943"]
[PlyCount "134"]
[EventDate "2015.11.24"]
[EventType "swiss"]
[EventRounds "9"]
[EventCountry "GER"]
[SourceTitle "EXT 2017"]
[Source "ChessBase"]
[SourceDate "2016.10.25"]
[SourceVersion "1"]
[SourceVersionDate "2016.10.25"]
[SourceQuality "1"]

1. f4 d5 2. Nf3 Nf6 3. e3 g6 4. b3 Bg7 5. Bb2 0-0 6. Bd3 Bg4 7. 0-0 Nbd7 8. h3 Bxf3 9. Qxf3 e6 10. Nc3 c5 11. Rad1 a6 12. e4 c4 13. Be2 cxb3 14. axb3 Nxe4 15. Ba3 Nxc3 16. dxc3 Re8 17. c4 Nf6 18. cxd5 exd5 19. Bd3 Qb6+ 20. Kh1 Qc7 21. Bb2 Ne4 22. Bxg7 Kxg7 23. c4 Nc3 24. Rc1 d4 25. Qg4 h5 26. Qg5 Qe7 27. Rfe1 Qxg5 28. fxg5 f5 29. gxf6+ Kxf6 30. Rf1+ Kg5 31. h4+ Kxh4 32. Rf4+ Kg5 33. Rxd4 Ne2 34. Rd5+ Kh6 35. Bxe2 Rxe2 36. Rd7 Rf8 37. Rxb7 Rff2 38. Rg1 h4 39. Kh2 Kh5 40. Rd7 Rb2 41. Rd3 g5 42. Kh3 g4+ 43. Kh2 h3 44. Rc3 Rxg2+ 45. Rxg2 Rxg2+ 46. Kh1 Rd2 47. Rc1 Rb2 48. c5 Rxb3 49. c6 Rb8 50. Kh2 Kh4 51. c7 Rc8 52. Rc6 a5 53. Rh6+ Kg5 54. Rh7 a4 55. Kg3 a3 56. Rg7+ Kf5 57. Rxg4 Rxc7 58. Ra4 Rc3+ 59. Kh2 Ke5 60. Ra7 Kd4 61. Ra8 Kc4 62. Ra7 Kb3 63. Rb7+ Kc2 64. Ra7 Kb2 65. Rb7+ Rb3 66. Ra7 a2 67. Rc7 Rb8 0-1

[Event "MVP-ch Seniors op 15th"]
[Site "Binz"]
[Date "2015.11.27"]
[Round "4.47"]
[White "Selten, Ton"]
[Black "Goepfert, Jochen"]
[Result "0-1"]
[WhiteElo "1652"]
[BlackElo "1799"]
[PlyCount "88"]
[EventDate "2015.11.24"]
[EventType "swiss"]
[EventRounds "9"]
[EventCountry "GER"]
[SourceTitle "EXT 2017"]
[Source "ChessBase"]
[SourceDate "2016.10.25"]
[SourceVersion "1"]
[SourceVersionDate "2016.10.25"]
[SourceQuality "1"]

1. e4 c6 2. d3 d5 3. Nd2 e5 4. Ngf3 Qc7 5. g3 Nf6 6. Bg2 Be7 7. 0-0 Bg4 8. Re1 Nbd7 9. Qe2 0-0 10. Nf1 d4 11. h4 Bb4 12. Rd1 Rae8 13. N1h2 Be6 14. Ng5 h6 15. Nh3 Nh7 16. f4 f5 17. Nf2 Bd6 18. Qf3 fxe4 19. Nxe4 Bd5 20. f5 Re7 21. g4 Ref7 22. Qe2 Be7 23. Nf3 Qd8 24. Qe1 Nhf6 25. g5 Ng4 26. gxh6 gxh6 27. Bh3 Rg7 28. Kh1 Rxf5 29. Bxh6 Nxh6 30. Bxf5 Nxf5 31. Qe2 Bxe4 32. Rg1 Bxf3+ 33. Qxf3 Bf8 34. Rxg7+ Nxg7 35. Rf1 Qxh4+ 36. Kg2 Qg5+ 37. Kf2 Qh4+ 38. Ke2 Qh5 39. Rh1 Qxf3+ 40. Kxf3 Nf5 41. Rg1+ Kf7 42. Rh1 Ne3 43. Rh2 Bd6 44. c4 e4+ 0-1

[Event "GER-chA Seniors 27th"]
[Site "Magdeburg"]
[Date "2015.08.20"]
[Round "6"]
[White "Petzold, Hans"]
[Black "Goepfert, Jochen"]
[Result "1/2-1/2"]
[WhiteElo "2079"]
[BlackElo "1932"]
[PlyCount "28"]
[EventDate "2015.08.15"]
[EventType "swiss"]
[EventRounds "9"]
[EventCountry "GER"]
[SourceTitle "EXT 2018"]
[Source "ChessBase"]
[SourceDate "2017.10.13"]
[SourceVersion "1"]
[SourceVersionDate "2017.10.13"]
[SourceQuality "1"]

1. e4 c6 2. Nc3 d5 3. d4 dxe4 4. Nxe4 Nd7 5. Bc4 Ngf6 6. Nxf6+ Nxf6 7. Nf3 Bf5 8. h3 e6 9. Qe2 Bd6 10. Bg5 Qc7 11. Nh4 Bg6 12. Bxf6 gxf6 13. 0-0-0 0-0-0 14. Kb1 Rhe8 1/2-1/2

[Event "GER-chA Seniors 27th"]
[Site "Magdeburg"]
[Date "2015.08.18"]
[Round "4"]
[White "Nagorni, Walter"]
[Black "Goepfert, Jochen"]
[Result "0-1"]
[WhiteElo "2049"]
[BlackElo "1932"]
[PlyCount "112"]
[EventDate "2015.08.15"]
[EventType "swiss"]
[EventRounds "9"]
[EventCountry "GER"]
[SourceTitle "EXT 2018"]
[Source "ChessBase"]
[SourceDate "2017.10.13"]
[SourceVersion "1"]
[SourceVersionDate "2017.10.13"]
[SourceQuality "1"]

1. Nf3 f5 2. g3 Nf6 3. Bg2 e6 4. 0-0 Nc6 5. d3 d5 6. c3 Bd6 7. Bg5 0-0 8. Nbd2 h6 9. Bxf6 Qxf6 10. Qc2 Bd7 11. Rae1 Rae8 12. e4 b6 13. Nd4 Nxd4 14. cxd4 Qxd4 15. Nb3 Qf6 16. exd5 e5 17. f4 exf4 18. Rxe8 Rxe8 19. gxf4 a5 20. Kh1 a4 21. Nc1 Qe7 22. Qf2 Bc8 23. a3 Ba6 24. Rd1 Bc8 25. d4 Ba6 26. Bh3 Bc8 27. Nd3 Qe4+ 28. Bg2 Qe2 29. Re1 Qxf2 30. Rxe8+ Kf7 31. Nxf2 Kxe8 32. Nd3 Ke7 33. h4 Kf6 34. h5 Bd7 35. Bf3 Be8 36. Kg2 Ke7 37. Kg3 Kf6 38. Ne5 Bb5 39. Kf2 Be8 40. Ke3 Bb5 41. Bd1 Ke7 42. Bc2 Kf6 43. Ng6 Be8 44. Nh4 Bxh5 45. Bxf5 Bxf4+ 46. Kxf4 g5+ 47. Ke4 gxh4 48. Kf4 Bg6 49. Bd7 Bc2 50. Be8 Ke7 51. Bh5 Kd6 52. Bf3 Bb3 53. Kg4 Bxd5 54. Bd1 Bb3 55. Bf3 c5 56. dxc5+ Kxc5 0-1

[Event "GER-chA Seniors 27th"]
[Site "Magdeburg"]
[Date "2015.08.16"]
[Round "2"]
[White "Kaiser, Helmut"]
[Black "Goepfert, Jochen"]
[Result "1/2-1/2"]
[WhiteElo "2091"]
[BlackElo "1932"]
[PlyCount "66"]
[EventDate "2015.08.15"]
[EventType "swiss"]
[EventRounds "9"]
[EventCountry "GER"]
[SourceTitle "EXT 2018"]
[Source "ChessBase"]
[SourceDate "2017.10.13"]
[SourceVersion "1"]
[SourceVersionDate "2017.10.13"]
[SourceQuality "1"]

1. e4 c6 2. d4 d5 3. Nc3 dxe4 4. Nxe4 Nd7 5. Bc4 Ngf6 6. Ng5 e6 7. N1f3 h6 8. Nh3 g5 9. Nhg1 Qc7 10. h3 Bd6 11. Ne2 Nb6 12. Bb3 Bd7 13. Bd2 a5 14. a4 Ne4 15. Nc3 Nxd2 16. Nxd2 0-0-0 17. Nce4 Be7 18. Qe2 Kb8 19. Nc4 Nxc4 20. Bxc4 Bc8 21. 0-0-0 Rhe8 22. Rhe1 Bb4 23. c3 Be7 24. g3 b6 25. Qh5 f5 26. Nd2 f4 27. Ne4 fxg3 28. fxg3 Bd6 29. Rd3 Bf8 30. Rf3 c5 31. Rf7 Re7 32. Rxe7 Bxe7 33. dxc5 Bxc5 1/2-1/2

[Event "GER-chA Seniors 27th"]
[Site "Magdeburg"]
[Date "2015.08.15"]
[Round "1"]
[White "Goepfert, Jochen"]
[Black "Knaak, Joachim"]
[Result "0-1"]
[WhiteElo "1932"]
[BlackElo "2130"]
[PlyCount "61"]
[EventDate "2015.08.15"]
[EventType "swiss"]
[EventRounds "9"]
[EventCountry "GER"]
[SourceTitle "EXT 2018"]
[Source "ChessBase"]
[SourceDate "2017.10.13"]
[SourceVersion "1"]
[SourceVersionDate "2017.10.13"]
[SourceQuality "1"]

1. f4 g6 2. Nf3 Bg7 3. e3 Nf6 4. Be2 0-0 5. 0-0 d6 6. Nc3 c5 7. Qe1 Nc6 8. Qh4 a6 9. a4 Rb8 10. h3 Nb4 11. Bd1 b5 12. axb5 axb5 13. d3 c4 14. Ne1 Qb6 15. d4 e6 16. Bf3 Bb7 17. Qf2 Bxf3 18. Qxf3 d5 19. g4 Ra8 20. Rb1 Nc6 21. g5 Ne8 22. b3 Nxd4 23. Qf2 Nf5 24. Bd2 d4 25. Nd1 c3 26. Bc1 Ned6 27. Ng2 Ne4 28. Qe1 d3 29. cxd3 c2 30. Rb2 cxd1Q 31. Qxd1 0-1

[Event "Sachsen-Anhalt-ch Seniors 23rd"]
[Site "Halberstadt"]
[Date "2015.06.06"]
[Round "7"]
[White "Jacobi, Bernd"]
[Black "Goepfert, Jochen"]
[Result "0-1"]
[WhiteElo "1350"]
[BlackElo "1720"]
[PlyCount "60"]
[EventDate "2015.05.31"]
[EventType "swiss"]
[EventRounds "7"]
[EventCountry "GER"]
[SourceTitle "EXT 2018"]
[Source "ChessBase"]
[SourceDate "2017.10.13"]
[SourceVersion "1"]
[SourceVersionDate "2017.10.13"]
[SourceQuality "1"]

1. d4 f5 2. Nf3 Nf6 3. Bf4 e6 4. h3 Bb4+ 5. c3 Bd6 6. Ne5 0-0 7. e3 b6 8. Qf3 Ne4 9. Qh5 Bb7 10. f3 Nf6 11. Qh4 Be7 12. Qf2 Nc6 13. Nd2 a5 14. Bd3 Rc8 15. g4 d6 16. Nxc6 Bxc6 17. Bc2 Bd7 18. Bb3 a4 19. Bc4 b5 20. Bd3 c5 21. Qe2 c4 22. Bc2 Nd5 23. g5 Bxg5 24. Bxd6 Bh4+ 25. Kd1 Rf7 26. f4 Be7 27. Be5 Bf6 28. Nf3 b4 29. Kd2 bxc3+ 30. bxc3 Qa5 0-1

[Event "MVP-ch Seniors op 14th"]
[Site "Binz"]
[Date "2014.11.29"]
[Round "5"]
[White "Goepfert, Jochen"]
[Black "Mietz, Wolfgang"]
[Result "1-0"]
[WhiteElo "1750"]
[BlackElo "1585"]
[PlyCount "85"]
[EventDate "2014.11.25"]
[EventType "swiss"]
[EventRounds "9"]
[EventCountry "GER"]
[SourceTitle "EXT 2016"]
[Source "ChessBase"]
[SourceDate "2015.10.08"]
[SourceVersion "1"]
[SourceVersionDate "2015.10.08"]
[SourceQuality "1"]

1. f4 Nf6 2. Nf3 b6 3. e3 Bb7 4. Be2 d6 5. Nc3 Nbd7 6. d3 e5 7. e4 g6 8. 0-0 h6 9. Qe1 a6 10. a4 Qe7 11. fxe5 dxe5 12. Nd1 Qc5+ 13. Be3 Qxc2 14. Rc1 Qxa4 15. Rxc7 Rb8 16. Qc3 Kd8 17. Qc4 Qb5 18. Qc1 Rc8 19. Rxc8+ Bxc8 20. Nc3 Qc6 21. h3 Bc5 22. d4 exd4 23. Nxd4 Bxd4 24. Bxd4 Bb7 25. Bf3 Qe6 26. Qf4 g5 27. Qd2 Rg8 28. Bxf6+ Qxf6 29. e5 Qxe5 30. Bxb7 f5 31. Rd1 Qc7 32. Bxa6 g4 33. h4 Qc5+ 34. Qd4 Kc7 35. Bb5 Nf6 36. Qxc5+ bxc5 37. Nd5+ Nxd5 38. Rxd5 Kb6 39. Bc4 g3 40. Rd6+ Kc7 41. Bxg8 Kxd6 42. h5 Ke5 43. Kf1 1-0

[Event "MVP-ch Seniors op 14th"]
[Site "Binz"]
[Date "2014.11.28"]
[Round "4"]
[White "Petzold, Hans"]
[Black "Goepfert, Jochen"]
[Result "1-0"]
[WhiteElo "1951"]
[BlackElo "1750"]
[PlyCount "33"]
[EventDate "2014.11.25"]
[EventType "swiss"]
[EventRounds "9"]
[EventCountry "GER"]
[SourceTitle "EXT 2016"]
[Source "ChessBase"]
[SourceDate "2015.10.08"]
[SourceVersion "1"]
[SourceVersionDate "2015.10.08"]
[SourceQuality "1"]

1. e4 c6 2. Nc3 d5 3. Nf3 e6 4. d4 dxe4 5. Nxe4 Be7 6. Bd3 Nf6 7. Nxf6+ Bxf6 8. c3 Nd7 9. Qe2 Qa5 10. Bd2 0-0 11. h4 Re8 12. g4 Nf8 13. g5 Be7 14. h5 Bd7 15. Ne5 f6 16. Nxd7 Nxd7 17. Qxe6+ 1-0

[Event "Sachsen-Anhalt-ch Seniors 22nd"]
[Site "Halberstadt"]
[Date "2014.05.28"]
[Round "4"]
[White "Goepfert, Jochen"]
[Black "Wildner, Alfred"]
[Result "1-0"]
[WhiteElo "1810"]
[BlackElo "1545"]
[PlyCount "57"]
[EventDate "2014.05.25"]
[EventType "swiss"]
[EventRounds "7"]
[EventCountry "GER"]
[SourceTitle "EXT 2018"]
[Source "ChessBase"]
[SourceDate "2017.10.13"]
[SourceVersion "1"]
[SourceVersionDate "2017.10.13"]
[SourceQuality "1"]

1. f4 e5 2. fxe5 d6 3. exd6 Bxd6 4. Nf3 Bg4 5. e3 h5 6. d4 h4 7. Be2 Nd7 8. c4 c6 9. Nc3 Qc7 10. Ne4 Bxf3 11. Nxd6+ Qxd6 12. Bxf3 Qb4+ 13. Bd2 Qxc4 14. Be2 Qd5 15. 0-0 Ngf6 16. Bf3 Qd6 17. Be1 Nd5 18. Bf2 Kf8 19. e4 Nf4 20. e5 Qb4 21. a3 Qb5 22. Qd2 Ne6 23. Rac1 Rc8 24. Be2 Qd5 25. Bc4 Qe4 26. Bxe6 Nxe5 27. Qb4+ c5 28. Qxc5+ Ke8 29. Qxe5 1-0

[Event "MVP-ch Seniors op 13th"]
[Site "Binz"]
[Date "2013.12.04"]
[Round "8"]
[White "Goepfert, Jochen"]
[Black "Lehmann, Erwin"]
[Result "1/2-1/2"]
[WhiteElo "1767"]
[BlackElo "1881"]
[PlyCount "31"]
[EventDate "2013.11.27"]
[EventType "swiss"]
[EventRounds "9"]
[EventCountry "GER"]
[SourceTitle "EXT 2015"]
[Source "ChessBase"]
[SourceDate "2014.11.20"]
[SourceVersion "1"]
[SourceVersionDate "2014.11.20"]
[SourceQuality "1"]

1. f4 d5 2. b3 c5 3. Nf3 Nf6 4. e3 g6 5. Bb2 Bg7 6. Bb5+ Bd7 7. Qe2 a6 8. Bxd7+ Nbxd7 9. 0-0 0-0 10. d3 b5 11. Nbd2 Qb6 12. Ne5 d4 13. Nxd7 Nxd7 14. e4 e5 15. f5 Nf6 16. Bc1 1/2-1/2

[Event "MVP-ch Seniors op 13th"]
[Site "Binz"]
[Date "2013.12.03"]
[Round "7"]
[White "Lewald, Stephan"]
[Black "Goepfert, Jochen"]
[Result "1/2-1/2"]
[WhiteElo "1887"]
[BlackElo "1767"]
[PlyCount "43"]
[EventDate "2013.11.27"]
[EventType "swiss"]
[EventRounds "9"]
[EventCountry "GER"]
[SourceTitle "EXT 2015"]
[Source "ChessBase"]
[SourceDate "2014.11.20"]
[SourceVersion "1"]
[SourceVersionDate "2014.11.20"]
[SourceQuality "1"]

1. e4 c6 2. Nc3 d5 3. Nf3 e6 4. d4 dxe4 5. Nxe4 Nd7 6. Bd3 Qc7 7. 0-0 Ngf6 8. Bg5 Nxe4 9. Bxe4 Nf6 10. Bd3 Be7 11. Qd2 b6 12. Rfe1 Bb7 13. c3 0-0 14. Ne5 Nh5 15. Bxe7 Qxe7 16. Bc2 Rad8 17. Qd3 g6 18. Qe3 Qf6 19. Be4 Rd6 20. Bf3 Ng7 21. Ng4 Qd8 22. Rad1 1/2-1/2

[Event "MVP-ch Seniors op 13th"]
[Site "Binz"]
[Date "2013.11.30"]
[Round "4"]
[White "Goepfert, Jochen"]
[Black "Manthey, Juergen"]
[Result "1/2-1/2"]
[WhiteElo "1767"]
[BlackElo "1894"]
[PlyCount "38"]
[EventDate "2013.11.27"]
[EventType "swiss"]
[EventRounds "9"]
[EventCountry "GER"]
[SourceTitle "EXT 2015"]
[Source "ChessBase"]
[SourceDate "2014.11.20"]
[SourceVersion "1"]
[SourceVersionDate "2014.11.20"]
[SourceQuality "1"]

1. f4 d5 2. Nf3 Nf6 3. e3 g6 4. b3 Bg7 5. Bb2 0-0 6. Ne5 c5 7. Be2 Nc6 8. Nxc6 bxc6 9. 0-0 Re8 10. Qe1 Bg4 11. Bxg4 Nxg4 12. Bxg7 Kxg7 13. h3 Nf6 14. Nc3 e5 15. f5 d4 16. Na4 Qd6 17. fxg6 fxg6 18. e4 c4 19. Nb2 cxb3 1/2-1/2